• 首页
  • 本馆介绍
  • 公告通知
  • 最新文献
  • 馆藏检索
  • 电子资源
  • 读者导购
  • 参考咨询
  • 我的图书馆
  • 登录
  • 详细信息显示
  • 放入我的书架
  • 预约/预借图书
  • 作者相关作品
  • 分类相关作品
  • 丛书相关作品
  • 出版社相关作品

书目信息

  • 表格格式
  • 工作单格式
  • 卡片格式
题名:
货物运输保险
    
 
作者: 魏润泉 编著
分册:  
出版信息: 北京   中国财政经济出版社  1983
页数: 390页
开本: 19cm
丛书名: 保险业务基础知识丛书
单 册:
中图分类: F840.6
科图分类:
主题词: 保险
电子资源:
ISBN:
000 00700nam2 2200265 45
001 0183009742
005 20040427172337.6
010    @dCNY1.20
091    @a4166.412
100    @a19950416d1983 em y0chiy0121 ea
101 0  @achi
102    @aCN@b110000
105    @ay z 000yy
106    @ar
200 10 @a货物运输保险@Ahuo wu yun shu bao xian@f魏润泉编著
210    @a北京@c中国财政经济出版社@d1983
215    @a390页@d19cm
225 2  @a保险业务基础知识丛书
410  0 @120010@a保险业务基础知识丛书
606 0  @a保险
690    @aF840.6
701  0 @a魏润泉@Awei run quan@4编著
801  0 @aCN@b上海图书馆@c20040427
801  2 @aCN@bNLC@c20040427
905    @f2@b101042-043@dF840.6@e2
    
    货物运输保险/魏润泉编著.-北京:中国财政经济出版社,1983
    390页;19cm.-(保险业务基础知识丛书)
    
    
    ISBN :CNY1.20
    
●
相关链接 在E读中查询图书 在五车中查询图书 在当当中查询图书 在豆瓣中查询图书


正题名:货物运输保险     索取号:F840.6/2         预约/预借

序号 登录号 条形码 馆藏地/架位号 状态 备注
1 0101042   000492372   第一借阅区/ [索取号:F840.6/2] 在馆    
2 0101043   000492381   密集书库/ [索取号:F840.6/2] 在馆    
3 0101044   000492390   第一样本阅览室/ [索取号:F840.6/2] 在馆    
唐山师范学院图书馆 欢迎您!
大连网信软件有限公司© 版权所有